Faculty of Law Library — Cairo University

Official Online Catalog

قانون محكمة العدل العليا في ضوء نظام القضاء الإداري : (Record no. 60389)

MARC details
000 -LEADER
fixed length control field 01145nam a2200301 i 4500
003 - CONTROL NUMBER IDENTIFIER
control field EG-GICUC
005 - DATE AND TIME OF LATEST TRANSACTION
control field 20260202213332.0
008 - FIXED-LENGTH DATA ELEMENTS--GENERAL INFORMATION
fixed length control field 260202s2000 jo ||||f |||| 00| 0 ara d
040 ## - CATALOGING SOURCE
Original cataloging agency EG-GICUC
Language of cataloging ara
Transcribing agency EG-GICUC
Modifying agency EG-GICUC
Description conventions rda
041 ## - LANGUAGE CODE
Language code of text/sound track or separate title ara
082 04 - DEWEY DECIMAL CLASSIFICATION NUMBER
Edition number 21
Classification number 345.8
Item number أ ن . ق
092 04 - LOCALLY ASSIGNED DEWEY CALL NUMBER (OCLC)
Edition number 21
099 ## - LOCAL FREE-TEXT CALL NUMBER (OCLC)
Classification number Law1 07 345.8 أ ن . ق 2000
100 0# - MAIN ENTRY--PERSONAL NAME
Personal name أنور أحمد رسلان
Relator term مؤلف.
245 10 - TITLE STATEMENT
Title قانون محكمة العدل العليا في ضوء نظام القضاء الإداري :
Remainder of title تقييم وتحليل /
Statement of responsibility, etc. الأستاذ الدكتور أنور أحمد رسلان .
264 #1 - PRODUCTION, PUBLICATION, DISTRIBUTION, MANUFACTURE, AND COPYRIGHT NOTICE
Place of production, publication, distribution, manufacture عمان :
Name of producer, publisher, distributor, manufacturer نقابة المحامين ،
Date of production, publication, distribution, manufacture, or copyright notice 2000 .
300 ## - PHYSICAL DESCRIPTION
Extent 9 ؛ صفحات
Dimensions 24 سم
336 ## - CONTENT TYPE
Source rda content
Content type term text
337 ## - MEDIA TYPE
Source rda media
Media type term Computer
338 ## - CARRIER TYPE
Source rda carrier
Carrier type term Online Resource
504 ## - BIBLIOGRAPHY, ETC. NOTE
Bibliography, etc. note يشتمل على إرجاعات ببليوجرافية
650 14 - SUBJECT ADDED ENTRY--TOPICAL TERM
Topical term or geographic name entry element القضاء الإداري ووظائفه
Source of heading or term qrmak
650 14 - SUBJECT ADDED ENTRY--TOPICAL TERM
Topical term or geographic name entry element القانون الإداري
651 1# - SUBJECT ADDED ENTRY--GEOGRAPHIC NAME
Source of heading or term qrmak
856 40 - ELECTRONIC LOCATION AND ACCESS
Uniform Resource Identifier <a href="https://fll.law.cu.edu.eg/fulltext/bks/B07-03242.pdf">https://fll.law.cu.edu.eg/fulltext/bks/B07-03242.pdf</a>
905 ## - Cataloger and Reviser Names
Cataloger Name: Yasmin Essam
942 ## - ADDED ENTRY ELEMENTS (KOHA)
Source of classification or shelving scheme Dewey Decimal Classification
Koha item type Books
Edition 21
Suppress in OPAC No
Holdings
Withdrawn status Lost status Source of classification or shelving scheme Damaged status Not for loan Collection Home library Current library Date acquired Total checkouts Full call number Barcode Date last seen Copy number Price effective from Koha item type
    Dewey Decimal Classification   Not for loan القانون الإداري جــــامعة القــاهرة مكتبة كلية الحقوق - المبنى الرئيسي 02.02.2026   Law1 07 345.8 أ ن . ق 2000 0703242 C1 B07-03242 02.02.2026 1 02.02.2026 Books
    Dewey Decimal Classification     القانون الإداري جــــامعة القــاهرة مكتبة كلية الحقوق - المبنى الرئيسي 02.02.2026   Law1 07 345.8 أ ن . ق 2000 0703243 C2 B07-03243 02.02.2026 2 02.02.2026 Books

© All rights reserved — Faculty of Law, Cairo University